ARRUPE JESUIT UNIVERSITY

CORONAVIRUS -STOP THE SPREAD - CLEAN,DISINFECT,COVER

Technology lost : (Record no. 122961)

MARC details
000 -LEADER
fixed length control field 01160cam a2200313 a 4500
001 - CONTROL NUMBER
control field 13021632
003 - CONTROL NUMBER IDENTIFIER
control field ARRUPE
005 - DATE AND TIME OF LATEST TRANSACTION
control field 20150716145632.0
008 - FIXED-LENGTH DATA ELEMENTS--GENERAL INFORMATION
fixed length control field 021205s2003 nju b 001 0 eng d
010 ## - LIBRARY OF CONGRESS CONTROL NUMBER
LC control number 2002727105
020 ## - INTERNATIONAL STANDARD BOOK NUMBER
International Standard Book Number 0130422037
035 ## - SYSTEM CONTROL NUMBER
System control number (OCoLC)ocm50943008
040 ## - CATALOGING SOURCE
Original cataloging agency MUM
Transcribing agency MUM
Modifying agency DLC
042 ## - AUTHENTICATION CODE
Authentication code lccopycat
050 00 - LIBRARY OF CONGRESS CALL NUMBER
Classification number T174.5
Item number .S28 2003
082 00 - DEWEY DECIMAL CLASSIFICATION NUMBER
Classification number 303.48/33
Edition number 21
300 ## - PHYSICAL DESCRIPTION
Dimensions 23 cm.
100 1# - MAIN ENTRY--PERSONAL NAME
Personal name Schneiderman, Ron.
9 (RLIN) 18276
245 10 - TITLE STATEMENT
Title Technology lost :
Remainder of title hype and reality in the digital age /
Statement of responsibility, etc Ron Schneiderman.
260 ## - PUBLICATION, DISTRIBUTION, ETC. (IMPRINT)
Place of publication, distribution, etc Upper Saddle River, N.J. :
Name of publisher, distributor, etc Prentice Hall,
Date of publication, distribution, etc c2003.
300 ## - PHYSICAL DESCRIPTION
Extent xviii, 187 p. ;
504 ## - BIBLIOGRAPHY, ETC. NOTE
Bibliography, etc Includes bibliographic references and index.
650 #0 - SUBJECT ADDED ENTRY--TOPICAL TERM
Topical term or geographic name as entry element Technology assessment.
9 (RLIN) 18277
650 #0 - SUBJECT ADDED ENTRY--TOPICAL TERM
Topical term or geographic name as entry element Technological innovations
Form subdivision Case studies.
9 (RLIN) 18278
650 #0 - SUBJECT ADDED ENTRY--TOPICAL TERM
Topical term or geographic name as entry element Technological innovations
General subdivision Economic aspects.
9 (RLIN) 18279
650 #0 - SUBJECT ADDED ENTRY--TOPICAL TERM
Topical term or geographic name as entry element Business planning
General subdivision History
Chronological subdivision 20th century.
9 (RLIN) 18280
906 ## - LOCAL DATA ELEMENT F, LDF (RLIN)
a 7
b cbc
c copycat
d 2
e ncip
f 20
g y-gencatlg
942 ## - ADDED ENTRY ELEMENTS (KOHA)
Source of classification or shelving scheme Library of Congress Classification
Koha item type Monograph ( Printed materials)
Holdings
Withdrawn status Lost status Source of classification or shelving scheme Damaged status Not for loan Collection code Home library Current library Shelving location Date acquired Total Checkouts Full call number Barcode Date last seen Date checked out Price effective from Koha item type
    Library of Congress Classification     Main Collection ARRUPE LIBRARY ARRUPE LIBRARY Main Collection 16/07/2015 1 T174.5 .S28 2003 46500002408 11/09/2019 19/04/2016 16/07/2015 Monograph ( Printed materials)

 

Arrupe Library. PO Box MP320 Mt Pleasant, Harare, Zimbabwe
263 242 745411|librarian@aju.ac.zw